| 000 -CABECERA |
| Longitud fija campo de control |
00490nam a2200169 a 4500 |
| 001 - NÚMERO DE CONTROL |
| Número de control |
3442 |
| 003 - IDENTIFICADOR DEL NÚMERO DE CONTROL |
| Identificador del número de control |
CDMR |
| 005 - FECHA Y HORA DE LA ÚLTIMA TRANSACCIÓN |
| Fecha y hora de la última transacción |
20130326191805.0 |
| 008 - CÓDIGOS DE INFORMACIÓN DE LONGITUD FIJA |
| Códigos de información de longitud fija |
130130s1909||||||||||||||||||||||||||||d |
| 040 ## - FUENTE DE LA CATALOGACIÓN |
| Centro catalogador de origen |
CDMR |
| Lengua de catalogación |
cat |
| Centro transcriptor |
CDMR |
| 100 1# - PUNTO DE ACCESO PRINCIPAL-NOMBRE DE PERSONA |
| Nombre de persona |
Gras i Elias, Francisco |
| 9 (RLIN) |
2481 |
| 245 10 - MENCIÓN DE TÍTULO |
| Título |
Siluetes d'escriptors catalans del segle XIX |
| Mención de responsabilidad, etc. |
Francisco Gras i Elias |
| Resto del título |
: segona sèrie |
| 260 ## - PUBLICACIÓN, DISTRIBUCIÓN, ETC. (PIE DE IMPRENTA) |
| Lugar de publicación, distribución, etc. |
Barcelona |
| Fecha de publicación, distribución, etc. |
1909 |
| Nombre del editor, distribuidor, etc. |
L'Avenç |
| 300 ## - DESCRIPCIÓN FÍSICA |
| Extensión |
98 p ; |
| Dimensiones |
16 cm |
| 600 14 - PUNTO DE ACCESO ADICIONAL DE MATERIA - NOMBRE DE PERSONA |
| Nombre de persona |
Mata i Fontanet, Pere |
| 9 (RLIN) |
2482 |
| 942 ## - ENTRADA DE ELEMENTOS AGREGADOS (KOHA) |
| Koha [por defecto] tipo de item |
Monografies |
| Fuente de clasificaión o esquema |
|